00996nam a2200277Ia 4500001000700000003000500007008004100012010001100053020002200064040000900086082001700095240004200112245015200154250001200306260003600318300001700354440002500371500008100396503003900477504003800516650002400554650002700578700004000605700004700645700002600692Z_6378CHAP220113s2013 xx 000 0 und d a169637 a978-0-07-178003-2 cCHAP a612 G35 2013 aGanog´s review of medical phisiology aGanong, fisiología médica /ceditor Kim E. Barrett... [et. al.]; traducción José Rafael Blengio Pinto y José Luis González Hernández a24a ed. aMéxico :bMcGraw-Hill,c2013 axiii, 752 p. aA lange medical book aTítulo original de la obra : Ganog´s review of medical phisiology 24a ed. aej.1: reposición \ ej.2: consumo aIncluye bibliografía e índice aFisiología humana aFisiologíaxManuales a Blengio Pinto, José Rafael, tr.  a González Hernández, José Luis , tr. aBarrett, Kim E., ed.